<?xml version="1.0" encoding="UTF-8"?>
<record
    xmlns:xsi="http://www.w3.org/2001/XMLSchema-instance"
    xsi:schemaLocation="http://www.loc.gov/MARC21/slim http://www.loc.gov/standards/marcxml/schema/MARC21slim.xsd"
    xmlns="http://www.loc.gov/MARC21/slim">

  <leader>02627nam a22002177a 4500</leader>
  <controlfield tag="003">OSt</controlfield>
  <controlfield tag="005">20211115112041.0</controlfield>
  <controlfield tag="008">120828t        xxu||||| |||| 00| 0 eng d</controlfield>
  <datafield tag="020" ind1=" " ind2=" ">
    <subfield code="a">9780073532219</subfield>
  </datafield>
  <datafield tag="020" ind1=" " ind2=" ">
    <subfield code="a">0073532215</subfield>
  </datafield>
  <datafield tag="040" ind1=" " ind2=" ">
    <subfield code="c">LC</subfield>
  </datafield>
  <datafield tag="050" ind1=" " ind2=" ">
    <subfield code="a">QH308.2.S78</subfield>
  </datafield>
  <datafield tag="245" ind1=" " ind2=" ">
    <subfield code="a">Biology. /</subfield>
    <subfield code="c">Robert J. Brooker ....[et al.].</subfield>
  </datafield>
  <datafield tag="250" ind1=" " ind2=" ">
    <subfield code="a">2nd ed.</subfield>
  </datafield>
  <datafield tag="260" ind1=" " ind2=" ">
    <subfield code="a">New York:</subfield>
    <subfield code="b">McGraw-Hill,</subfield>
    <subfield code="c">2008.</subfield>
  </datafield>
  <datafield tag="300" ind1=" " ind2=" ">
    <subfield code="a">xxx, 1282 p. + [various pagings]:</subfield>
    <subfield code="b">ill.;</subfield>
  </datafield>
  <datafield tag="505" ind1=" " ind2=" ">
    <subfield code="a">Contents: An introduction biology -- The chemical basis of life: atoms, molecules, and water -- The chemical basis of life: organic molecules -- General features of cells -- Membrane structure, synthesis, and transport -- An introduction to energy, enzymes, and metabolism -- Cellular respiration, fermentation, and secondary metabolism -- Photosynthesis -- Cell communication -- Multicellularity -- Nucleic acid structure, DNA replication, and chromosome structure -- Gene expression at the molecular level -- Gene regulation -- Mutation, DNA repair, and cancer -- The eukaryotic cell cycle, mitosis, and meiosis -- Simple Patterns of inheritance -- Complex patterns of inheritance -- Genetics of viruses and bacteria -- Developmental genetics -- Genetic technology -- Genomes, proteomes, and bioinformatics -- The origin and history of life -- An introduction to evolution -- Population genetics -- origin of species and macroevolution -- Taxonomy and systematics -- Bacteria and archaea -- Protists -- Plants and conquest of land -- The evolution and diversity of modern gymnosperms and angiosperms -- Fungi -- An introduction to animal diversity -- The invertebrates -- The vertebrates -- An introduction to flowering plant form and function -- Flowering plants: behavior -- Flowering plants: nutrition -- Flowering plant: transport -- Flowering plants: reproduction -- Animal bodies and homeostasis -- Neuroscience: cell of the nervous system -- Neuroscience: evolution and function of the brain and nervous systems -- Neuroscience: sensory systems -- Muscular-skeletal systems and locomotion -- Nutrition, digestion, and absorption -- Control of energy balance, metabolic rate, and body temperature -- Circulatory systems -- Respiratory systems -- Excretory systems and salt and water balance -- Endocrine systems -- Animal reproduction -- Animal development -- Immune systems -- An introduction to ecology and biomes -- Behavioral ecology -- population Ecology -- Species interactions -- community ecology -- Ecosystems ecology -- Biodiversity and conservation biology --    </subfield>
  </datafield>
  <datafield tag="650" ind1=" " ind2=" ">
    <subfield code="b">Biology.</subfield>
  </datafield>
  <datafield tag="700" ind1=" " ind2=" ">
    <subfield code="q">Brooker, Robert J.</subfield>
  </datafield>
  <datafield tag="942" ind1=" " ind2=" ">
    <subfield code="2">lcc</subfield>
    <subfield code="c">BK</subfield>
  </datafield>
  <datafield tag="999" ind1=" " ind2=" ">
    <subfield code="c">7974</subfield>
    <subfield code="d">15474</subfield>
  </datafield>
  <datafield tag="952" ind1=" " ind2=" ">
    <subfield code="0">0</subfield>
    <subfield code="1">0</subfield>
    <subfield code="2">lcc</subfield>
    <subfield code="4">0</subfield>
    <subfield code="7">0</subfield>
    <subfield code="a">WIUC-KL</subfield>
    <subfield code="b">WIUC-KL</subfield>
    <subfield code="c">NURS L.</subfield>
    <subfield code="d">2019-08-09</subfield>
    <subfield code="l">0</subfield>
    <subfield code="o">QH308.2.B56(2e)</subfield>
    <subfield code="p">KSN/466/19</subfield>
    <subfield code="r">2021-11-12 00:00:00</subfield>
    <subfield code="w">2021-11-12</subfield>
    <subfield code="y">BK</subfield>
  </datafield>
</record>
